000 02096nam0a2200337 4500
001 RU\NLR\BIBL_A\011699681
005 20220802094011.0
010 _a978-5-8481-0226-0
_9500
021 _aRU
_bКН-П-18-025353
_9КН-П-18-1854
035 _a(NLR Aleph) 011699681
035 _a(RuMoRGB)009598190
090 _a11382466
_c11382466
100 _a20180515d2018 u y0rusy50 ca
101 0 _arus
102 _aRU
105 _aa|||j|||000zy
200 1 _aЭколого-гидрогеологическая система - основной объект изучения экологической гидрогеологии
_e(структура, системные свойства, трансформация, границы, описание, диагностика)
_eучебное пособие
_fА.Б. Лисенков, К.В. Белов
_gРоссийский государственный геологоразведочный университет имени Серго Орджоникидзе (МГРИ-РГГРУ)
210 _aМосква
_cВНИИгеосистем
_d2018
215 _a124 с.
_cил., цв. ил., табл.
_d21
300 _aНа 4-й с. обл. авт.: Лисенков А.Б., проф., д.г.-м.н., чл.-кор. РАЕН, засл. деят. науки РФ, Белов К.В., доц., к.г.-м.н.
320 _aБиблиогр.: с. 118-121 (54 назв.)
606 1 _aЭколого-гидрогеологические системы
_jУчебные издания для высших учебных заведений
_2nlr_sh2
_3RU\NLR\AUTH\6601635226
686 _aД479я73-1
_2rubbk
686 1 _aД460.8я73
700 1 _aЛисенков
_bА. Б.
_gАлександр Борисович
_3RU\NLR\AUTH\7738270
701 1 _aБелов
_bК. В.
_cканд. геол.-минерал. наук
_gКонстантин Владимирович
_3RU\NLR\AUTH\770128269
942 _cBOOK
980 _aNBR
980 _aNB